Welcome to the Internet - Bo Burnham - Lyrics - Statistics

General Stats
  • This quiz has been taken 2,013 times
  • The average score is 366 of 488
Answer Stats
Answer % Correct
I
99%
in
99%
the
99%
to
99%
We
99%
we
99%
Welcome
99%
a
98%
A
98%
internet!
98%
internet
98%
you,
95%
you
95%
You
95%
you?
95%
You,
95%
of
92%
who
92%
be
91%
Be
91%
look
91%
around
90%
Have
90%
your
90%
your -
90%
Your
90%
and
88%
And
88%
can
88%
any
86%
it,
86%
it
86%
It
86%
he
85%
like
85%
do
84%
do?
84%
Anything
83%
anything
83%
no
83%
think
83%
found
82%
all
81%
every
81%
or
81%
Or
81%
take
81%
Take
81%
got
80%
interest
80%
that
80%
Just
79%
just
79%
see
79%
See
79%
We've
79%
her,
78%
her
78%
is
78%
women
78%
Would
78%
would
78%
this
77%
This
77%
brain
76%
everything
76%
fuck
76%
If
76%
if
76%
What
76%
what
76%
yours
76%
first
75%
some
75%
time?
75%
time
75%
time.
75%
time (x2)
75%
feet?
74%
for
74%
content -
73%
better,
72%
Harry
72%
Here's
72%
here's
72%
know
72%
know,
72%
Potter
72%
seat
72%
you'd
72%
famous
71%
it's
71%
Right
71%
sent
71%
worse
71%
are
70%
Come
70%
mountains
70%
happy!
69%
mom
69%
none
69%
fucking
68%
horny!
68%
women's
68%
bit
67%
different
67%
Don't
67%
little
67%
we'll
67%
with
67%
cock
66%
his
66%
million
66%
prefer?
66%
racial
66%
rage
66%
slur?
66%
us
66%
whore
66%
bursting
65%
characters
65%
eachother
65%
engage
65%
tweet
65%
ways
65%
how
64%
more
64%
old
64%
There's
64%
civil
63%
died
63%
kill
63%
nine
63%
year
63%
act
62%
bomb
62%
fight
62%
news
62%
Put
62%
put
62%
rest
62%
isn't
61%
man
61%
need
61%
rights
61%
should
61%
test
61%
They
61%
build
60%
crime
60%
kids
60%
photos
60%
pictures
60%
why
60%
boredom
59%
Could
59%
head
59%
Obama
59%
grainy
58%
off-putting;
58%
pasta
58%
quiz
58%
shake
58%
tragedy
58%
boomer
57%
drawings
57%
guy
57%
nod
57%
panic,
57%
Power
57%
Ranger
57%
send
57%
thought
57%
vaccinate
57%
Which
57%
bunch
56%
groom
56%
Hold
56%
never
56%
quirky
56%
random
56%
surprised -
56%
tip
56%
was
56%
aside
55%
beheaded,
55%
fantasy
55%
girl
55%
immigrants
55%
socks
55%
sports
55%
tell
55%
before
54%
breakfast
54%
DM
54%
healthy
54%
Not
54%
straining
54%
two
54%
Apathy's
53%
cares
53%
children,
53%
death
53%
get
53%
movies
53%
shrink
53%
find
52%
kindly
52%
Show
52%
threat
52%
tumor
52%
'Cause
51%
fell,
51%
option
51%
towers
51%
Zoom
51%
always
50%
offended,
50%
'99
49%
iPad,
49%
onto
49%
ago,
48%
at
48%
buy
48%
circa
48%
long
48%
were
48%
did
47%
very
47%
let
46%
chatroom
45%
doctors
45%
Mommy
45%
Now
45%
now,
45%
Start
45%
things
45%
use
45%
blogs,
44%
broom
44%
rumor,
44%
wasn't
44%
barely
43%
travel
43%
waiting
43%
designed
42%
our
41%
hand
39%
insatiable
39%
world
39%
colored-pencil
37%
nights
36%
plan
36%
spent
36%
Unstoppable,
36%
out,
35%
catalogs,
33%
knows
32%
set
32%
together,
32%
grew
31%
honey,
31%
inside's
31%
sights
31%
stick
31%
watchable
31%
Oh,
30%
No matching quizzes found
Score Distribution
Percent of People with Each Score
Percentile by Number Answered
Your Score History
You have not taken this quiz